LIBRARY & INFORMATION CENTRE, KCAET, TAVANUR

ONLINE PUBLIC ACCESS CATALOGUE (OPAC)

Text book of light including geometrical and physical optics / (Record no. 10539)

MARC details
000 -LEADER
fixed length control field 00614cam a2200229ua 4500
041 ## - LANGUAGE CODE
Language code of text/sound track or separate title eng
082 ## - DEWEY DECIMAL CLASSIFICATION NUMBER
Classification number 535
Item number RAM/TE
100 ## - MAIN ENTRY--AUTHOR NAME
Personal name Ramamurthy, S .
245 ## - TITLE STATEMENT
Title Text book of light including geometrical and physical optics /
250 ## - EDITION STATEMENT
Edition statement 4 /
260 ## - PUBLICATION, DISTRIBUTION, ETC. (IMPRINT)
Place of publication Chennai :
Name of publisher The National Publishing Co ,
Year of publication 1964.
300 ## - PHYSICAL DESCRIPTION
Number of Pages 488 :
Other physical details 506 ; .
700 1# - ADDED ENTRY--PERSONAL NAME
Personal name Krishnamurthy, K S .
700 1# - ADDED ENTRY--PERSONAL NAME
Personal name Rajagopalan, P R .
942 ## - ADDED ENTRY ELEMENTS (KOHA)
Koha item type Books
Holdings
Withdrawn status Lost status Damaged status Home library Current library Date acquired Full call number Accession Number Koha item type Public note
Withdrawn     KAUAET KAUAET 07/04/2012 535 RAM/TE 7718 Books  
Withdrawn     KAUAET Sanskrit University 07/04/2012 535 RAM/TE 7719 Books Transferred to Sanskrit University
Withdrawn     KAUAET Sanskrit University 07/04/2012 535 RAM/TE 7721 Books Transferred to Sanskrit University
free website counter